Finančný systém územnej samosprávy v Spojenom kráľovstve

Popis a analýza municipality v Spojenom kráľovstve, ktoré majú svoju historickú kontinuitu vrátane financovania, s pevne stanovenými podielovými daňami z okresnej úrovne.

Gespeichert in:
Bibliographische Detailangaben
1. Verfasser: Neupauerová, Zuzana
Format: Buchkapitel
Sprache:Slowakisch
Schlagworte:
Tags: Tag hinzufügen
Keine Tags, Fügen Sie das erste Tag hinzu!

MARC

LEADER 00000nla a2200000 4500
001 0178950
005 20240530124355.3
041 0 |a slo 
044 |a SK 
245 1 0 |a Finančný systém územnej samosprávy v Spojenom kráľovstve  |c Zuzana Neupauerová 
520 |a Popis a analýza municipality v Spojenom kráľovstve, ktoré majú svoju historickú kontinuitu vrátane financovania, s pevne stanovenými podielovými daňami z okresnej úrovne. 
610 2 0 |a decentralizácia 
610 2 0 |a správa verejná 
610 2 0 |a Veľká Británia 
610 2 0 |a správa finančná 
610 2 0 |a dane miestne 
100 1 |a Neupauerová, Zuzana